[Event "4th Chennai Open"]
[Site "Chennai IND"]
[Date "2012.01.07"]
[Round "6"]
[White "Vaibhav, Suri"]
[Black "Vishnu Prasanna, V"]
[Result "1-0"]
[WhiteTitle "IM"]
[BlackTitle "IM"]
[WhiteElo "2448"]
[BlackElo "2392"]
[WhiteFideId "5045185"]
[BlackFideId "5030692"]
[EventDate "2012.01.04"]

1. e4 e5 2. Nf3 Nc6 3. Bb5 a6 4. Ba4 Nf6 5. O-O Be7 6. Re1 b5 7. Bb3 d6 8. c3
O-O 9. h3 Nb8 10. d4 Nbd7 11. Nbd2 Bb7 12. Bc2 Re8 13. a4 Rb8 14. Bd3 Ba8 15.
Qc2 Bf8 16. b3 d5 17. exd5 exd4 18. Rxe8 Qxe8 19. cxd4 Qd8 20. axb5 axb5 21. Ne5
Bxd5 22. Ndf3 c5 23. Bf4 Rc8 24. Bxb5 cxd4 25. Bc4 Nxe5 26. Nxe5 Bxc4 27. bxc4
Nd7 28. Qd3 Qc7 29. Qxd4 Nxe5 30. Bxe5 Qc6 31. Rc1 f6 32. Bf4 Ba3 33. Re1 h6 34.
Qd3 Bb4 35. Re3 Bf8 36. Re4 Ra8 37. Bg3 Ra3 38. Qe2 Rc3 39. Kh2 Qd7 40. Re8 Rb3
41. c5 Rc3 42. Bd6 1-0

[Event "4th Chennai Open"]
[Site "Chennai IND"]
[Date "2012.01.07"]
[Round "6"]
[White "Kravtsiv, Martyn"]
[Black "Toth, Christian Endre"]
[Result "1-0"]
[WhiteTitle "GM"]
[BlackTitle "IM"]
[WhiteElo "2602"]
[BlackElo "2371"]
[WhiteFideId "14113147"]
[BlackFideId "2100339"]
[EventDate "2012.01.04"]

1. e4 e6 2. Qe2 c5 3. Nf3 Nc6 4. g3 g6 5. h4 h6 6. Bg2 Bg7 7. d3 Nge7 8. c3 O-O
9. O-O d6 10. Nh2 b6 11. h5 Ba6 12. Na3 d5 13. Nc2 Ne5 14. Rd1 gxh5 15. Qxh5
Bxd3 16. Ne1 dxe4 17. Bf4 N7g6 18. Bxe5 Nxe5 19. f4 Nc4 20. Bxe4 Bxe4 21. Rxd8
Raxd8 22. Qe2 Bd5 23. Nhf3 Nd6 24. a3 c4 25. Rd1 Ne4 26. Kh2 Bxc3 27. Rxd5 exd5
28. bxc3 Nxc3 29. Qe5 d4 30. Nxd4 Rfe8 31. Qf6 Ne4 32. Qc6 c3 33. Nec2 Nc5 34.
Kh3 Re4 35. Qf6 Rd5 36. Nf5 Rxf5 37. Qxf5 Kg7 38. Qg4+ Kf6 39. Qf3 Rc4 40. Qc6+
Kg7 41. Ne3 Re4 42. Nf5+ Kf8 43. Qd6+ Kg8 44. Qxh6 1-0

[Event "4th Chennai Open"]
[Site "Chennai IND"]
[Date "2012.01.07"]
[Round "6"]
[White "Sethuraman, S.P."]
[Black "Girinath, P.D.S."]
[Result "1-0"]
[WhiteTitle "GM"]
[BlackTitle "IM"]
[WhiteElo "2529"]
[BlackElo "2360"]
[WhiteFideId "5021596"]
[BlackFideId "5000572"]
[EventDate "2012.01.04"]

1. d4 Nf6 2. c4 g6 3. Nc3 Bg7 4. g3 d6 5. Bg2 O-O 6. Nf3 Nc6 7. O-O a6 8. Qd3
Bf5 9. e4 Bg4 10. d5 Bxf3 11. Qxf3 Nd4 12. Qd1 c5 13. dxc6 Nxc6 14. Be3 h5 15.
h3 Rc8 16. Rc1 Qa5 17. Qe2 Rfe8 18. Rfd1 Nd7 19. a3 Qc7 20. Nd5 Qb8 21. b4 e6
22. Nc3 e5 23. Qd3 Nd4 24. Nd5 Nf8 25. f4 b5 26. cxb5 Rxc1 27. Rxc1 axb5 28.
Bxd4 exd4 29. Bf1 Qd8 30. Qxb5 Rxe4 31. Bd3 Re6 32. Qc6 h4 33. g4 g5 34. f5 Re5
35. a4 Rxd5 36. Qxd5 Qe8 37. Qe4 Qxa4 38. b5 Qb3 39. Rb1 Qa2 40. b6 Be5 41. Qe2
Qa8 42. b7 Qb8 43. Qa2 d5 44. Qa8 Bh2+ 45. Kh1 Qg3 46. b8=Q Qf3+ 47. Kxh2 Qf2+
48. Kh1 Qf3+ 49. Kg1 Qe3+ 50. Kg2 1-0

[Event "4th Chennai Open"]
[Site "Chennai IND"]
[Date "2012.01.07"]
[Round "6"]
[White "Swayams, Mishra"]
[Black "Venkatesh, M.R."]
[Result "1/2-1/2"]
[BlackTitle "IM"]
[WhiteElo "2386"]
[BlackElo "2499"]
[WhiteFideId "5028183"]
[BlackFideId "5005779"]
[EventDate "2012.01.04"]

1. d4 Nf6 2. c4 e6 3. Nc3 Bb4 4. e3 O-O 5. Ne2 d5 6. a3 Be7 7. Ng3 a5 8. Be2 c5
9. dxc5 Bxc5 10. O-O Nc6 11. b3 d4 12. Na4 Ba7 13. c5 e5 14. exd4 Nxd4 15. Bb2
Be6 16. Bxd4 Qxd4 17. Qxd4 exd4 18. Rab1 Bd7 19. Nb6 Bxb6 20. cxb6 Nd5 21. Rbd1
Nc3 22. Rxd4 Nxe2+ 23. Nxe2 Bb5 24. Re1 Rfe8 25. Rd2 a4 26. bxa4 Rxa4 27. f3
Rxa3 28. Rc1 g6 29. Nd4 Ba6 30. Rb1 Re5 31. Kf2 Ra4 32. Rbb2 Rd5 33. Ke3 Kg7 34.
Nc2 Re5+ 35. Kf2 Rc4 36. Nb4 Bb5 37. h3 h5 38. Nd5 Bc6 39. Nb4 Ba4 40. Nd5 Rc5
41. Ne3 Re6 42. Rb4 Bc6 43. Nc2 Bd5 44. Ne3 Bc6 45. Nc2 Bd5 1/2-1/2

[Event "4th Chennai Open"]
[Site "Chennai IND"]
[Date "2012.01.07"]
[Round "6"]
[White "Ghosh, Diptayan"]
[Black "Ma, Qun"]
[Result "0-1"]
[WhiteTitle "FM"]
[WhiteElo "2372"]
[BlackElo "2475"]
[WhiteFideId "5045207"]
[BlackFideId "8603154"]
[EventDate "2012.01.04"]

1. d4 d5 2. c4 c6 3. Nf3 Nf6 4. e3 Bf5 5. Nc3 e6 6. Nh4 Bg6 7. Be2 Nbd7 8. O-O
Bd6 9. g3 O-O 10. Nxg6 hxg6 11. Qb3 Rb8 12. Rd1 a6 13. Qc2 b5 14. b3 Qe7 15. a3
e5 16. c5 Bc7 17. b4 a5 18. Bd2 a4 19. Re1 Qe6 20. Kg2 Rfe8 21. Bd3 e4 22. Be2
g5 23. h3 g6 24. Rh1 Kg7 25. h4 Rh8 26. hxg5 Nh7 27. Rh4 Nxg5 28. Rah1 Rxh4 29.
gxh4 Nf3 30. Bxf3 exf3+ 31. Kxf3 Nf6 32. Rg1 Rh8 33. Ke2 Rxh4 34. Kd1 Rg4 35.
Rf1 Rg2 36. Kc1 Ng4 37. Nd1 Bd8 38. Bc3 f5 39. Be1 Rh2 40. Qd3 Rg2 41. Rh1 Bg5
42. Kb1 Qe4 43. Qxe4 fxe4 44. Kc1 Nh2 45. Kd2 Nf3+ 46. Ke2 Rh2 47. Rxh2 Nxh2 48.
Nc3 Kf6 49. Nb1 Kf5 50. Nc3 Bd8 51. Nd1 g5 52. Nc3 Bc7 53. Nd1 Kg4 54. Nc3 Kh3
55. Nb1 Kg2 56. Nc3 Nf3 57. Nb1 g4 58. Nc3 Ng1+ 59. Kd1 Kf1 60. Nb1 Nf3 61. Nd2+
Nxd2 62. Kxd2 Bh2 0-1

[Event "4th Chennai Open"]
[Site "Chennai IND"]
[Date "2012.01.07"]
[Round "6"]
[White "Barua, Dibyendu"]
[Black "Ramnath Bhuvanesh.R"]
[Result "1/2-1/2"]
[WhiteTitle "GM"]
[BlackTitle "IM"]
[WhiteElo "2460"]
[BlackElo "2357"]
[WhiteFideId "5000025"]
[BlackFideId "5026598"]
[EventDate "2012.01.04"]

1. e4 c5 2. Nf3 Nc6 3. d4 cxd4 4. Nxd4 Nf6 5. Nc3 e5 6. Ndb5 d6 7. Bg5 a6 8. Na3
b5 9. Nd5 Be7 10. Bxf6 Bxf6 11. c3 Ne7 12. Nxf6+ gxf6 13. Bd3 d5 14. Qe2 d4 15.
cxd4 Qxd4 16. O-O O-O 17. Rfd1 Qb6 18. Nc2 Be6 19. Ne3 Rfd8 20. Qh5 Rd4 21. b3
Rad8 22. Bc2 Rxd1+ 23. Rxd1 Rxd1+ 24. Bxd1 Qa5 25. Qe2 Qc3 26. h4 Kg7 1/2-1/2

[Event "4th Chennai Open"]
[Site "Chennai IND"]
[Date "2012.01.07"]
[Round "6"]
[White "Konguvel, Ponnuswamy"]
[Black "Thejkumar, M. S."]
[Result "1-0"]
[WhiteTitle "IM"]
[BlackTitle "IM"]
[WhiteElo "2344"]
[BlackElo "2455"]
[WhiteFideId "5000548"]
[BlackFideId "5009154"]
[EventDate "2012.01.04"]

1. e4 c6 2. d4 d5 3. Nc3 dxe4 4. Nxe4 Bf5 5. Ng3 Bg6 6. h4 h6 7. Nf3 Nd7 8. h5
Bh7 9. Bd3 Bxd3 10. Qxd3 e6 11. Bd2 Ngf6 12. O-O-O Be7 13. Kb1 Qc7 14. Ne4 Rd8
15. Nxf6+ Nxf6 16. Qe2 a5 17. g4 a4 18. a3 Qb6 19. Ka1 Qb5 20. c4 Qa6 21. Rde1
b5 22. g5 hxg5 23. Nxg5 Qc8 24. f4 Rxd4 25. f5 e5 26. Qxe5 Rd7 27. h6 Qc7 28.
hxg7 Rxh1 29. Rxh1 Ng8 30. Rh8 1-0

[Event "4th Chennai Open"]
[Site "Chennai IND"]
[Date "2012.01.07"]
[Round "6"]
[White "Hoang, Thanh Trang"]
[Black "Prakash, G B"]
[Result "1-0"]
[WhiteTitle "GM"]
[BlackTitle "IM"]
[WhiteElo "2435"]
[BlackElo "2341"]
[WhiteFideId "12400149"]
[BlackFideId "5001285"]
[EventDate "2012.01.04"]

1. d4 e6 2. Bf4 f5 3. e3 Nf6 4. Nf3 b6 5. Bd3 Bb7 6. Nbd2 Bd6 7. Bxd6 cxd6 8.
Qe2 O-O 9. h3 Ne4 10. Rg1 Nxd2 11. Nxd2 Nc6 12. c3 a6 13. g4 f4 14. g5 g6 15.
Ne4 d5 16. Nf6+ Rxf6 17. gxf6 Qxf6 18. O-O-O f3 19. Qd2 Na5 20. Rg4 d6 21. Rdg1 1-0

[Event "4th Chennai Open"]
[Site "Chennai IND"]
[Date "2012.01.07"]
[Round "6"]
[White "Lokesh, P."]
[Black "Laxman, R.R."]
[Result "1/2-1/2"]
[BlackTitle "GM"]
[WhiteElo "2215"]
[BlackElo "2434"]
[WhiteFideId "5023157"]
[BlackFideId "5005361"]
[EventDate "2012.01.04"]

1. e4 e5 2. Nf3 Nc6 3. Bb5 a6 4. Ba4 Nf6 5. O-O Be7 6. d3 b5 7. Bb3 d6 8. c3 Na5
9. Bc2 c5 10. Nbd2 O-O 11. Re1 Nc6 12. a4 Be6 13. Nf1 h6 14. Ng3 Re8 15. h3 Bf8
16. d4 cxd4 17. cxd4 exd4 18. Nxd4 Nxd4 19. Qxd4 Rc8 20. Qd1 g6 21. Bd3 Bc4 22.
axb5 axb5 23. b3 Bxd3 24. Qxd3 h5 25. Bg5 Re5 26. Bf4 Rec5 27. Rad1 h4 28. Nf1
Nh5 29. Be3 Re5 30. Bd4 Rg5 31. Qd2 Bg7 32. Bxg7 Kxg7 33. Ne3 Re5 34. Ng4 Re6
35. Qd4+ f6 36. Ra1 Nf4 1/2-1/2

[Event "4th Chennai Open"]
[Site "Chennai IND"]
[Date "2012.01.07"]
[Round "6"]
[White "Phoobalan, P."]
[Black "Karthikeyan, P."]
[Result "1/2-1/2"]
[BlackTitle "IM"]
[WhiteElo "2323"]
[BlackElo "2402"]
[WhiteFideId "5011191"]
[BlackFideId "5018226"]
[EventDate "2012.01.04"]

1. Nf3 Nf6 2. d4 e6 3. g3 c5 4. Bg2 cxd4 5. O-O d5 6. Nxd4 e5 7. Nf3 Nc6 8. c4
d4 9. e3 Bc5 10. exd4 exd4 11. a3 a5 12. Re1+ Be6 13. b3 O-O 14. Qd3 Qd7 15. Ne5
Nxe5 16. Rxe5 Rac8 17. Nd2 Ng4 18. Re1 Ne3 19. Ne4 Nxg2 20. Kxg2 b6 21. f3 Rfe8
22. Bb2 h6 23. Rad1 Rcd8 24. Re2 Bf5 25. b4 axb4 26. axb4 Bxb4 27. Qxd4 Bh3+ 28.
Kf2 Qxd4+ 29. Rxd4 f5 30. Rxd8 Rxd8 31. Bc3 Bf8 32. Nd2 Bc5+ 33. Ke1 Rd3 34. Be5
g5 35. Bc7 Kf7 36. Kd1 Rd7 37. Bb8 Bf1 38. Re5 Bxc4 1/2-1/2

[Event "4th Chennai Open"]
[Site "Chennai IND"]
[Date "2012.01.07"]
[Round "6"]
[White "Zeng, Chongsheng"]
[Black "Mu, Ke"]
[Result "1-0"]
[WhiteElo "2400"]
[BlackElo "2294"]
[WhiteFideId "8603847"]
[BlackFideId "8602778"]
[EventDate "2012.01.04"]

1. e4 e6 2. d4 d5 3. Nc3 Nf6 4. e5 Nfd7 5. f4 c5 6. Nf3 Nc6 7. Be3 a6 8. Qd2 b5
9. Nd1 Qb6 10. c3 Bb7 11. Be2 b4 12. Rc1 a5 13. O-O bxc3 14. Nxc3 cxd4 15. Nxd4
Nxd4 16. Bxd4 Bc5 17. Nb5 Bxd4+ 18. Qxd4 Qxd4+ 19. Nxd4 O-O 20. Rc7 Bc8 21. Rfc1
Nb6 22. R1c6 Rb8 23. b3 a4 24. b4 g5 25. fxg5 Na8 26. Ra7 Nb6 27. b5 Ra8 28.
Rac7 Nd7 29. Nf3 Rb8 30. Kf2 Re8 31. Ke3 Nf8 32. h4 Bd7 33. Rc5 Rb6 34. Ra7 Reb8
35. Nd4 Be8 36. Nc6 R8b7 37. Ra8 Bxc6 38. Rxc6 Kg7 39. Rcc8 Re7 1-0

[Event "4th Chennai Open"]
[Site "Chennai IND"]
[Date "2012.01.07"]
[Round "6"]
[White "Deepan, Chakkravarthy J."]
[Black "Sahu, Vikramaditya"]
[Result "1-0"]
[WhiteTitle "GM"]
[WhiteElo "2495"]
[BlackElo "2139"]
[WhiteFideId "5011132"]
[BlackFideId "5023653"]
[EventDate "2012.01.04"]

1. d4 d5 2. c4 e6 3. Nf3 f5 4. Bf4 Nf6 5. e3 c6 6. Nbd2 Be7 7. h3 O-O 8. Qc2 Ne4
9. g4 Bh4 10. Nxh4 Qxh4 11. Nf3 Qe7 12. Bd3 Nd7 13. O-O-O Ndf6 14. Ne5 dxc4 15.
Bxc4 b5 16. Bd3 Bb7 17. f3 c5 18. g5 Nd5 19. fxe4 Nb4 20. Qe2 c4 21. Bb1 fxe4
22. g6 h6 23. Nf7 e5 24. Bxe5 Nd3+ 25. Bxd3 cxd3 26. Qh5 Rfc8+ 27. Kb1 Rc2 28.
Bd6 Qf6 29. Qxb5 Bc6 30. Qb3 1-0

[Event "4th Chennai Open"]
[Site "Chennai IND"]
[Date "2012.01.07"]
[Round "6"]
[White "Kunal, M."]
[Black "Danielsen, Henrik"]
[Result "0-1"]
[BlackTitle "GM"]
[WhiteElo "2288"]
[BlackElo "2536"]
[WhiteFideId "5018250"]
[BlackFideId "1400185"]
[EventDate "2012.01.04"]

1. e4 c6 2. Nc3 d5 3. Nf3 Bg4 4. h3 Bxf3 5. Qxf3 e6 6. d3 Nd7 7. Be2 g6 8. O-O
Bg7 9. Qg3 Ne7 10. f4 O-O 11. Kh1 b5 12. Qf2 b4 13. Nb1 a5 14. Nd2 a4 15. e5 f6
16. exf6 Bxf6 17. Nf3 a3 18. d4 axb2 19. Bxb2 c5 20. Qe3 Nf5 21. Qxe6+ Kh8 22.
Bb5 Ng3+ 23. Kg1 Nxf1 24. Bxd7 Ne3 25. Qxe3 Qxd7 26. Ne5 Qf5 27. dxc5 Qxc2 28.
Qd4 Qe4 29. c6 Bg7 30. g3 g5 31. fxg5 Rae8 32. c7 Qxd4+ 33. Bxd4 Bxe5 0-1

[Event "4th Chennai Open"]
[Site "Chennai IND"]
[Date "2012.01.08"]
[Round "7"]
[White "Aleksandrov, Aleksej"]
[Black "Vaibhav, Suri"]
[Result "1-0"]
[WhiteTitle "GM"]
[BlackTitle "IM"]
[WhiteElo "2612"]
[BlackElo "2448"]
[WhiteFideId "13500139"]
[BlackFideId "5045185"]
[EventDate "2012.01.04"]

1. d4 Nf6 2. c4 e6 3. Nc3 Bb4 4. e3 c5 5. Ne2 d5 6. cxd5 Nxd5 7. a3 Nxc3 8. Nxc3
Ba5 9. dxc5 Bxc3+ 10. bxc3 Qxd1+ 11. Kxd1 Nd7 12. c6 Ne5 13. c7 Kd7 14. e4 Kxc7
15. Bf4 f6 16. h4 Bd7 17. Rh3 Bc6 18. Rg3 Rhg8 19. f3 Kd6 20. Rb1 Rac8 21. Kc2
Ke7 22. Bb5 b6 23. a4 Nd7 24. Be3 Kf7 25. a5 Bxb5 26. Rxb5 Rc6 27. f4 Rgc8 28.
Bd4 R8c7 29. Rd3 Rc4 30. Kb3 Ke7 31. axb6 axb6 32. g4 R4c5 33. Bxc5+ Nxc5+ 34.
Kc2 Nxd3 35. Kxd3 Rc6 36. g5 Kf7 37. c4 h6 38. gxh6 gxh6 39. Kd4 Rd6+ 40. Kc3
Kg6 41. h5+ Kf7 42. e5 fxe5 43. fxe5 Rc6 44. Kd4 Ke7 45. Rb2 Kf8 46. Rg2 Kf7 47.
Rg6 Rc8 48. Rf6+ Ke7 49. Rxh6 Rd8+ 50. Kc3 Rd1 51. Rh7+ Kf8 52. Kb4 Rb1+ 53. Ka4
Re1 54. Kb5 Rb1+ 55. Ka6 Rb4 56. Rc7 Kg8 57. h6 Rb3 58. h7+ Kh8 59. Kb7 b5 60.
c5 Rc3 61. c6 b4 62. Rd7 b3 63. c7 b2 64. Rd1 Rb3+ 65. Kc6 Rc3+ 66. Kb7 Rb3+ 67.
Kc6 Rc3+ 68. Kd7 1-0

[Event "4th Chennai Open"]
[Site "Chennai IND"]
[Date "2012.01.08"]
[Round "7"]
[White "Hoang, Thanh Trang"]
[Black "Kravtsiv, Martyn"]
[Result "1-0"]
[WhiteTitle "GM"]
[BlackTitle "GM"]
[WhiteElo "2435"]
[BlackElo "2602"]
[WhiteFideId "12400149"]
[BlackFideId "14113147"]
[EventDate "2012.01.04"]

1. d4 d5 2. Bf4 Nf6 3. e3 c5 4. Nc3 e6 5. Nb5 Na6 6. c3 Be7 7. dxc5 Bxc5 8. Nf3
O-O 9. Bd3 Be7 10. O-O Bd7 11. a4 Nc5 12. Bc2 a6 13. Nbd4 Be8 14. Ne5 Bd6 15.
Ng4 Bxf4 16. exf4 Nxg4 17. Qxg4 a5 18. Rfe1 f5 19. Qe2 Bd7 20. Qe3 Qb6 21. Nf3
Ra6 22. Ne5 Rc8 23. b4 axb4 24. a5 Qd6 25. cxb4 Ne4 26. Bd3 d4 27. Qf3 Ra7 28.
Bxe4 fxe4 29. Qxe4 Be8 30. Nf3 d3 31. Rad1 Bg6 32. Qxe6+ Qxe6 33. Rxe6 Rf8 34.
Ne5 Rxf4 35. Rb6 Rd4 36. Nxg6 hxg6 37. f3 Kh7 38. Kf2 Ra6 39. Rxb7 Re6 40. Rd2
g5 41. b5 Kg6 42. a6 1-0

[Event "4th Chennai Open"]
[Site "Chennai IND"]
[Date "2012.01.08"]
[Round "7"]
[White "Himanshu, Sharma"]
[Black "Sethuraman, S.P."]
[Result "1/2-1/2"]
[WhiteTitle "IM"]
[BlackTitle "GM"]
[WhiteElo "2408"]
[BlackElo "2529"]
[WhiteFideId "5007836"]
[BlackFideId "5021596"]
[EventDate "2012.01.04"]

1. e4 e5 2. Nf3 Nc6 3. Bb5 Nf6 4. O-O Nxe4 5. d4 Nd6 6. Bxc6 dxc6 7. dxe5 Nf5 8.
Qxd8+ Kxd8 9. h3 h6 10. Nc3 Bd7 11. b3 Kc8 12. Bb2 b6 13. Rfd1 Ne7 14. Nh2 Ng6
15. Ne2 c5 16. c4 h5 17. Rd3 Be7 18. Rad1 Bf5 19. Rf3 Be6 20. g3 Kb7 21. h4 a5
22. a4 Rhd8 23. Rfd3 c6 24. Rxd8 Rxd8 25. Rxd8 Bxd8 26. Nf1 Bg4 27. Nc1 Bf3 28.
Nd2 Bd1 29. Ne4 Be7 30. f4 Bc2 31. Nd2 Nf8 32. Kf2 Ne6 33. Ke3 g6 34. Nf1 Kc7
35. Kd2 Be4 36. Ne2 Kd7 37. Ne3 Ng7 38. Nc3 Bh1 39. Ncd1 Ke6 40. Nf2 Bf3 41. Bc3
Bd8 42. Kd3 Nf5 43. Nxf5 Kxf5 44. Ke3 Bg2 45. Ke2 Be7 46. Bb2 Bf8 47. Bc3 Ke6
48. Bb2 Be7 49. Bc3 Bd8 50. Bb2 Bc7 51. Bc3 Kf5 52. Bb2 Bd8 53. Bc3 1/2-1/2

[Event "4th Chennai Open"]
[Site "Chennai IND"]
[Date "2012.01.08"]
[Round "7"]
[White "Rahman, Ziaur"]
[Black "Zeng, Chongsheng"]
[Result "0-1"]
[WhiteTitle "GM"]
[WhiteElo "2523"]
[BlackElo "2400"]
[WhiteFideId "10200037"]
[BlackFideId "8603847"]
[EventDate "2012.01.04"]

1. c4 Nf6 2. Nf3 g6 3. Nc3 d5 4. cxd5 Nxd5 5. Qc2 Nc6 6. d4 Bg7 7. e4 Nxc3 8.
bxc3 O-O 9. Ba3 Bg4 10. Be2 Na5 11. Qa4 b6 12. O-O c5 13. dxc5 Qc7 14. Bb4 Nc6
15. Rae1 Nxb4 16. cxb4 Qf4 17. Qa3 a5 18. b5 bxc5 19. Qxc5 Rfc8 20. Qxe7 Re8 21.
Qh4 Rxe4 22. Bd1 Rxe1 23. Nxe1 h5 24. Bxg4 0-1

[Event "4th Chennai Open"]
[Site "Chennai IND"]
[Date "2012.01.08"]
[Round "7"]
[White "Venkatesh, M.R."]
[Black "Konguvel, Ponnuswamy"]
[Result "1-0"]
[WhiteTitle "IM"]
[BlackTitle "IM"]
[WhiteElo "2499"]
[BlackElo "2344"]
[WhiteFideId "5005779"]
[BlackFideId "5000548"]
[EventDate "2012.01.04"]

1. e4 c5 2. b3 d6 3. Bb2 Nf6 4. Bb5+ Nbd7 5. d3 Qa5+ 6. Nc3 e6 7. Nf3 Be7 8. O-O
O-O 9. Bxd7 Bxd7 10. e5 dxe5 11. Nxe5 Be8 12. f4 Nd5 13. Qe1 Qc7 14. Ng4 Nf6 15.
Qg3 Nxg4 16. Qxg4 g6 17. Rae1 Bc6 18. Ne2 Rae8 19. Qh3 Qd8 20. Qe3 Bd6 21. Ng3
f5 22. Qd2 Kf7 23. Rf2 Rg8 24. Be5 Be7 25. Re3 Qd5 26. Qe2 Bh4 27. Bb2 Re7 28.
Re5 Qd6 29. Qe3 Bf6 30. Nf1 g5 31. Nd2 gxf4 32. Qxf4 Bxe5 33. Bxe5 Qd5 34. Ne4
Rg6 35. Rf3 Rd7 36. c4 Qxd3 37. Rxd3 Rxd3 38. Ng3 Kg8 39. Bb2 Rd7 40. Qe5 Kf7
41. Qh8 Rg8 42. Qf6+ Ke8 43. Qxe6+ Kf8 44. Bc1 Rd1+ 45. Kf2 1-0

[Event "4th Chennai Open"]
[Site "Chennai IND"]
[Date "2012.01.08"]
[Round "7"]
[White "Danielsen, Henrik"]
[Black "Swayams, Mishra"]
[Result "1/2-1/2"]
[WhiteTitle "GM"]
[WhiteElo "2536"]
[BlackElo "2386"]
[WhiteFideId "1400185"]
[BlackFideId "5028183"]
[EventDate "2012.01.04"]

1. d4 e6 2. Nf3 Nf6 3. Bg5 h6 4. Bxf6 Qxf6 5. e4 d6 6. Nc3 Qd8 7. h4 Be7 8. g3
Nd7 9. Bh3 c6 10. Qd2 d5 11. O-O O-O 12. Rfe1 Nf6 13. e5 Nh7 14. Ne2 c5 15. c3
Qb6 16. Nf4 cxd4 17. Nxd4 Rd8 18. b4 a5 19. a3 Bd7 20. Qe3 Bf8 21. Bf1 axb4 22.
axb4 Rxa1 23. Rxa1 g6 24. h5 g5 25. Nh3 Bg7 26. f4 f6 27. Nf2 gxf4 28. gxf4 fxe5
29. fxe5 Ng5 30. Be2 Rf8 31. Rf1 Qc7 32. Ng4 Rxf1+ 33. Kxf1 Be8 34. Kg2 Bxh5 35.
Nxh6+ Bxh6 36. Bxh5 Qg7 37. Qg3 Ne4 38. Qg4 Qxg4+ 39. Bxg4 Bg7 40. Bxe6+ Kf8 41.
Bxd5 Nxc3 42. Bxb7 Bxe5 43. Nc6 Bd6 44. Bc8 Nd5 45. b5 Ne7 46. Nxe7 Kxe7 1/2-1/2

[Event "4th Chennai Open"]
[Site "Chennai IND"]
[Date "2012.01.08"]
[Round "7"]
[White "Ramnath Bhuvanesh.R"]
[Black "Dzhumaev, Marat"]
[Result "0-1"]
[WhiteTitle "IM"]
[BlackTitle "GM"]
[WhiteElo "2357"]
[BlackElo "2481"]
[WhiteFideId "5026598"]
[BlackFideId "14200236"]
[EventDate "2012.01.04"]

1. e4 e5 2. Nf3 Nc6 3. Bc4 Bc5 4. O-O Nf6 5. d3 d6 6. c3 a6 7. Bb3 O-O 8. h3 Ba7
9. Re1 h6 10. Be3 Bxe3 11. Rxe3 Nh7 12. Nbd2 Kh8 13. Nf1 Qe7 14. a3 Bd7 15. Qd2
Rae8 16. Rae1 Ng5 17. Ng3 g6 18. d4 Kg7 19. Bc2 Bc8 20. b4 Nxf3+ 21. Rxf3 Qg5
22. Ree3 Qh4 23. Re1 Ne7 24. Re2 Ng8 25. c4 Qg5 26. Qd1 Nf6 27. Ree3 h5 28. Ne2
h4 29. c5 dxc5 30. bxc5 exd4 31. Qxd4 Qe5 32. Qc3 Qxc3 33. Nxc3 Re5 34. Bb3 c6
35. Re2 Rfe8 36. Rfe3 Rxc5 37. f4 Nh5 38. e5 Nxf4 39. Re1 Bf5 0-1

[Event "4th Chennai Open"]
[Site "Chennai IND"]
[Date "2012.01.08"]
[Round "7"]
[White "Neelotpal, Das"]
[Black "Praveen Kumar, C."]
[Result "1/2-1/2"]
[WhiteTitle "GM"]
[BlackTitle "IM"]
[WhiteElo "2471"]
[BlackElo "2338"]
[WhiteFideId "5003512"]
[BlackFideId "5007372"]
[EventDate "2012.01.04"]

1. d4 e6 2. c4 Nf6 3. Nf3 c5 4. d5 exd5 5. cxd5 d6 6. Nc3 g6 7. e4 a6 8. a4 Bg4
9. Be2 Bxf3 10. Bxf3 Nbd7 11. O-O Bg7 12. a5 O-O 13. Qc2 Re8 14. Bd2 Rc8 15. b3
c4 16. b4 Ne5 17. Be2 Nd3 18. Bxd3 cxd3 19. Qxd3 Nd7 20. Rac1 Ne5 21. Qh3 Rc4
22. Na4 Rd4 23. Bc3 Rxe4 24. Nb6 Qg5 25. Rce1 Ng4 26. Rxe4 Rxe4 27. Bxg7 Kxg7
28. Qc3+ Qe5 29. Qxe5+ Nxe5 30. Rb1 Kf6 31. g3 Nd3 32. b5 Rb4 1/2-1/2

[Event "4th Chennai Open"]
[Site "Chennai IND"]
[Date "2012.01.08"]
[Round "7"]
[White "Babu, N Sudhakar"]
[Black "Barua, Dibyendu"]
[Result "1/2-1/2"]
[WhiteTitle "IM"]
[BlackTitle "GM"]
[WhiteElo "2327"]
[BlackElo "2460"]
[WhiteFideId "5000068"]
[BlackFideId "5000025"]
[EventDate "2012.01.04"]

1. d4 d5 2. c4 e6 3. Nf3 Nf6 4. Bg5 c6 5. e3 Nbd7 6. Qc2 Qa5+ 7. Nbd2 Ne4 8. Bf4
Be7 9. h3 e5 10. dxe5 Nxd2 11. Nxd2 dxc4 12. e6 fxe6 13. Bxc4 Nf6 14. O-O O-O
15. Be2 Qf5 16. Qxf5 exf5 17. Bc4+ Nd5 18. Nf3 Bf6 19. Bxd5+ cxd5 20. Rab1 Bd7
21. Rfd1 Bc6 22. Rd2 Rfe8 23. Bg5 Be5 24. Nxe5 Rxe5 25. Bf4 1/2-1/2

[Event "4th Chennai Open"]
[Site "Chennai IND"]
[Date "2012.01.08"]
[Round "7"]
[White "Mohota, Nisha"]
[Black "Vakhidov, Jahongir"]
[Result "0-1"]
[WhiteTitle "IM"]
[BlackTitle "IM"]
[WhiteElo "2323"]
[BlackElo "2419"]
[WhiteFideId "5004330"]
[BlackFideId "14201801"]
[EventDate "2012.01.04"]

1. d4 Nf6 2. c4 c5 3. d5 e5 4. Nc3 d6 5. e4 Nbd7 6. Bd3 Be7 7. h3 a6 8. a4 Rb8
9. Nge2 h5 10. h4 Nf8 11. f3 N6h7 12. g3 g5 13. hxg5 Nxg5 14. Ng1 h4 15. f4 Ngh7
16. f5 hxg3 17. Kf1 Rg8 18. Kg2 Bg5 19. Nf3 Bxc1 20. Qxc1 Nf6 21. Ne2 Bd7 22.
Nxg3 b5 23. axb5 axb5 24. b3 Qb6 25. Nd2 Ke7 26. Ra3 N8h7 27. Qa1 bxc4 28. Nxc4
Qb4 29. Qe1 Rg7 30. Kf2 Rbg8 31. Qe3 Ng4+ 0-1

[Event "4th Chennai Open"]
[Site "Chennai IND"]
[Date "2012.01.08"]
[Round "7"]
[White "Shashikant, Kutwal"]
[Black "Rathnakaran, K."]
[Result "1-0"]
[BlackTitle "IM"]
[WhiteElo "2289"]
[BlackElo "2403"]
[WhiteFideId "5006520"]
[BlackFideId "5005507"]
[EventDate "2012.01.04"]

1. e4 e6 2. d4 d5 3. Nc3 Nf6 4. Bg5 Be7 5. e5 Nfd7 6. Bxe7 Qxe7 7. f4 a6 8. Nf3
c5 9. dxc5 Nxc5 10. Bd3 Nbd7 11. O-O b5 12. a3 Bb7 13. b4 Ne4 14. Bxe4 dxe4 15.
Ng5 Nxe5 16. Qd4 Rd8 17. Qxe5 f6 18. Qxe6 fxg5 19. Qxe7+ Kxe7 20. Rfe1 Rd4 21.
fxg5 Ke6 22. Nd1 Rd2 23. Ne3 Rc8 24. a4 bxa4 25. Rxa4 Rc3 26. Ra5 g6 27. Rc5
Rxc5 28. bxc5 a5 29. Ra1 Re2 30. Ra3 Ke5 31. Kf1 Ba6 32. Rxa5 Kd4 33. Rxa6 Kxe3
34. Ra3+ Kd2 35. c6 Re1+ 36. Kf2 e3+ 37. Kg3 Rc1 38. Rd3+ Ke2 39. Rc3 Kf1 40. c7
e2 41. c8=Q e1=Q+ 42. Kh3 Kg1 43. Qc5+ Kh1 44. Qe3 Qd1 45. Qf3 Qd2 46. Rd3 Qxc2
47. g4+ Kg1 48. Qe3+ Kf1 49. Rd2 Qc3 50. Rd1+ Rxd1 51. Qxc3 Ke2 52. Qe5+ Kf2 53.
Qf4+ Ke2 54. Qe4+ 1-0